Ultimate Utah State Quiz - Statistics

General Stats
  • This quiz has been taken 11 times
    0 since last reset
  • The average score is 0 of 72
Answer Stats
Hint Answer % Correct
When did Mormon Pioneers arrive in the Salt Lake Valley? 1847
0%
What year did Utah become a state? 1896
0%
How many Target locations are in Utah? 21
0%
How many counties does Utah have? 29
0%
What is the overall state population? 3.5 Million
0%
How many national parks does Utah have? 5
0%
How many Walmart locations are in Utah? 60
0%
What percent of Utah is owned by the US government? 71%
0%
How many Native American tribes are in Utah? 8
0%
What state does Utah border to the South? Arizona
0%
It was recently passed by? (450 feet) Astra Tower
0%
What city was he born in? Beaver
0%
Utah is known as: "The _________ State" Beehive
0%
What salty area is nearby? ________ Salt Flats Bonneville
0%
Who founded the capital? Brigham Young
0%
What college does the LDS church own? Brigham Young University
0%
What famous outlaw was born in Utah? Butch Cassidy
0%
What is Utah's state bird? California Gull
0%
What city holds the Shakespeare festival? Cedar City
0%
What is the religion actually called? Church of Jesus Christ of Latter-Day Saints
0%
What state does Utah border to the East? Colorado
0%
It used to be what? Colorado Blue Spruce
0%
What high school served as the main setting for "High School Musical"? (Hint: A direction on a compass) East High School
0%
What was Utah's original capital lasting only 5 years? Fillmore
0%
What is UTA's commuter rail sysetm that connects Provo all the way up to Ogden? (And soon Springville, Spanish Fork, and Payson) FrontRunner
0%
What is Utah known for? (Hint: on the license plate) Greatest Snow On Earth
0%
What city is mostly full of FLDS people? Hildale
0%
What is Utah's state insect? Honeybee
0%
What main freeway runs from Southern Utah to Northern Utah? I-15
0%
What state does Utah border to the North? Idaho
0%
What is Utah's state motto? Industry
0%
What NBA team is located in Salt Lake City? Jazz
0%
What is Utah's state food? (Hint: Popular in the 50's) Jell-O
0%
What city is known as "Little Hollywood"? Kanab
0%
What's the tallest peak in Utah (13,528 feet above sea level) Kings Peak
0%
The Aggies are the mascot of one of Utah's major universities located in which city? Logan
0%
Which war granted Utah to the USA? Mexican-American War
0%
What religious group do 62% of Utahn's belong to? (it's actually about 32-42%) Mormon
0%
What city is Fasion Place Mall located in? Murray
0%
What state does Utah border to the West? Nevada
0%
What city were they born in? Ogden
0%
What do Utah residents celebrate on July 24th? Pioneer Day
0%
What was outlawed in 1896? (Hint: multiple wives) Polygamy
0%
What is the fourth most populated city in Utah? (Hint: BYU) Provo
0%
What is Utah's state tree? Quaking Aspen
0%
What MiLB team is in Utah? Salt Lake Bees
0%
Utah state capital Salt Lake City
0%
What is Utah's state flower? Sego Lily
0%
What else attracts tourists to Park City? Skiing
0%
And majority of the rest live in? Southern Utah
0%
Who is (unfortunately) the current governor of Utah? Spencer J. Cox
0%
What "mug" does the "Utah Mom" use? Stanley
0%
What is the fifth most populated city in Utah? St. George
0%
What is a notable Salt Lake City neighborhood that was known for furniture production? Sugar House
0%
What film festival was located in Park City until 2026? Sundance
0%
Who is the main wife on Secret Lives of Mormon Wives? Taylor Frankie Paul
0%
What Lake is located in northern Utah? The Great Salt Lake
0%
What is the name of the mountains East of Moab? The La Sals
0%
What famous 70's singing duo was born in Utah? The Osmonds
0%
What did he say about the state? (Hint: It's in the state song) This is the place
0%
What mountain range is it in? Uintah
0%
What college is located in Salt Lake City? University of Utah
0%
What is Utah's state abbreviation? UT
0%
What are Utah natives called? Utahns
0%
What university is it? Utah State University
0%
What Southern Utah college recently changed its name? Utah Tech University
0%
What language did the name "Utah" come from? (Meaning: people of the mountains.) Ute
0%
Where do almost 80% of Utah residents live? Wasatch Front
0%
What was the tallest skyscraper in Utah from 1994-2024? (Hint: Bank) Wells Fargo Building
0%
What is the third most populated city in Utah? West Jordan
0%
What is the second most populated city in Utah? West Valley City
0%
What state does Utah border to the North East? (Hint: In the corner) Wyoming
0%
No matching quizzes found
Score Distribution
Percent of People with Each Score
Percentile by Number Answered
Your Score History
You have not taken this quiz since the last reset